Statistics for UFC Men's Pound-for-Pound Rankings 2021

Click here to take the quiz!

General Stats

  • This quiz has been taken 215 times
  • The average score is 13 of 15

Answer Stats

RankWeightclassFighterWin/Loss% Correct
3MiddleweightIsrael Adesanya21-1
98%
1WelterweightKamaru Usman20-1
98%
2FeatherweightAlexander Volkanovski23-1
95%
4HeavyweightFrancis Ngannou16-3
94%
6Light HeavyweightJon Jones26-1, 1NC
92%
7FeatherweightMax Holloway22-6
89%
9HeavyweightStipe Miocic20-4
89%
8LightweightCharles Oliveira31–8 (1 NC)
86%
10FlyweightBrandon Moreno19-5-2
83%
5LightweightDustin Poirier28-6, 1NC
82%
11BantamweightPetr Yan16-2
82%
15HeavyweightCiryl Gane10-0
79%
13MiddleweightRobert Whittaker23–5
75%
14Light heavyweightJan Błachowicz28-9
66%
12Light HeavyweightGlover Teixeira33–7
61%

Score Distribution

Percentile by Number Answered

Percent of People with Each Score

Your Score History

You have not taken this quiz